000 00602nam a2200265Ia 4500
005 20260306164232.0
008 008 260114s9999 xx 000 0 eng d
020 _a9780748671731
037 _aEBOOK
040 _aCRL
040 _beng
040 _cCRL
041 _2eng
041 _aeng
084 _qCRL
100 _aJun, Smith
_91130260
245 0 _aDeleuze And Ethics
260 _bEdinburgh University Press
260 _c2012
650 _aPhilosophy
856 _uhttps://academic.oup.com/book/17945
942 _cEBOOK
999 _c1713304
_d1713304